000 00255nam a2200097Ia 4500
001 1300140
005 20260420095858.0
008 260420s9999 xx 000 0 und d
245 0 _aTAVŞAN POFPOF
_cNALAN AKTAŞ SÖNMEZ
260 _bTİMAŞ ÇOCUK YAYINLARI
999 _c1300140
_d1300140